000 00615nam a2200229Ia 4500
005 20260429111949.0
008 260429s9999||||xx |||||||||||||| ||und||
020 _a9781526849915
041 _aEnglish
082 _a658.15
_bHIL
100 _aHillier, David
245 0 _aCorporate finance /
_cDavid Hillier
250 _a5th ed.
260 _aUnited Kingdom :
_bMcGraw Hill,
_c2025.
300 _axii, 930 p.; pbk
650 _a Corporate finance
650 _aManagement
700 _a Jaffe, Jeffrey
700 _a Jordan, Bradford
700 _a Ross, Stephen, Westerfield, Randolph
942 _cTB
999 _c51653
_d51653